Billboard Hot 100 #1 Hits of 2008 - Statistics

General Stats
  • This quiz has been taken 15 times
  • The average score is 27 of 52
Answer Stats
Issue Date #1 Hit Artist % Correct
July 5 I Kissed a Girl Katy Perry
92%
July 12 I Kissed a Girl Katy Perry
92%
July 19 I Kissed a Girl Katy Perry
92%
July 26 I Kissed a Girl Katy Perry
92%
August 2 I Kissed a Girl Katy Perry
92%
August 9 I Kissed a Girl Katy Perry
92%
August 16 I Kissed a Girl Katy Perry
92%
January 5 Low Flo Rida ft. T-Pain
77%
January 12 Low Flo Rida ft. T-Pain
77%
January 19 Low Flo Rida ft. T-Pain
77%
January 26 Low Flo Rida ft. T-Pain
77%
February 2 Low Flo Rida ft. T-Pain
77%
February 9 Low Flo Rida ft. T-Pain
77%
February 16 Low Flo Rida ft. T-Pain
77%
February 23 Low Flo Rida ft. T-Pain
77%
March 1 Low Flo Rida ft. T-Pain
77%
March 8 Low Flo Rida ft. T-Pain
77%
April 5 Bleeding Love Leona Lewis
69%
April 26 Bleeding Love Leona Lewis
69%
May 10 Bleeding Love Leona Lewis
69%
May 17 Bleeding Love Leona Lewis
69%
October 25 Womanizer Britney Spears
69%
December 13 Single Ladies (Put a Ring on It) Beyoncé
46%
December 27 Single Ladies (Put a Ring on It) Beyoncé
46%
September 27 So What P!NK
46%
May 3 Lollipop Lil Wayne ft. Static Major
38%
May 31 Lollipop Lil Wayne ft. Static Major
38%
June 7 Lollipop Lil Wayne ft. Static Major
38%
June 14 Lollipop Lil Wayne ft. Static Major
38%
June 21 Lollipop Lil Wayne ft. Static Major
38%
June 28 Viva la Vida Coldplay
38%
April 12 Touch My Body Mariah Carey
31%
April 19 Touch My Body Mariah Carey
31%
September 6 Whatever You Like T.I.
31%
September 13 Whatever You Like T.I.
31%
September 20 Whatever You Like T.I.
31%
October 4 Whatever You Like T.I.
31%
October 11 Whatever You Like T.I.
31%
November 1 Whatever You Like T.I.
31%
November 8 Whatever You Like T.I.
31%
August 23 Disturbia Rihanna
23%
August 30 Disturbia Rihanna
23%
October 18 Live Your Life T.I. ft. Rihanna
23%
November 15 Live Your Life T.I. ft. Rihanna
23%
November 22 Live Your Life T.I. ft. Rihanna
23%
November 29 Live Your Life T.I. ft. Rihanna
23%
December 6 Live Your Life T.I. ft. Rihanna
23%
December 20 Live Your Life T.I. ft. Rihanna
23%
March 15 Love in This Club Usher ft. Young Jeezy
23%
March 22 Love in This Club Usher ft. Young Jeezy
23%
March 29 Love in This Club Usher ft. Young Jeezy
23%
May 24 Take a Bow Rihanna
23%
No matching quizzes found
Score Distribution
Percent of People with Each Score
Percentile by Number Answered
Your Score History
You have not taken this quiz